000 00572nam a2200217Ia 4500
003 OSt
005 20230627111108.0
008 210423s9999 xx 000 0 und d
040 _cAL
041 _aeng
082 _a361.3
_223
_bDESI
100 _aDESAI (Armaity S),Ed
_9113323
245 _aIndian journal of social work
260 _bTata Institute oF School Science
_c2021
365 _cINR
440 _v51
650 _aSocial Problems & Services
_9113324
650 _aSocial Work
_9113325
906 _aIndian ; journal ; social ; work
942 _2ddc
_cBK
999 _c173089
_d173089